00934cam a2200277 a 450000100100000000500170001000800410002702000220006803500190009003500240010904000180013308200190015110000420017024000170021224500960022926000600032530000170038549000220040250000370042450400610046150500170052265000240053965000370056370000320060083000240063200001056620200929162242.0970314m1996 sp b 000 0 spa  a8475064507 (v. 1) a(DLC) 97127847 a(SpBaP)pu 960015362 aDO-SdBNPcDLC a868.5bL333ó1 aLarra, Mariano José de,d1809-1837.10aWorks.f199610aObras completas /cMariano José de Larra ; edición y prólogo de Luis Iglesias Feijoo. aMadrid :bFundación José Antonio de Castro,c1996-. av. ;c23 cm.1 aBiblioteca Castro ala biblioteca posee el volumen 1 aIncluye referencias bibliográficas (v. 1, p. LII-LIV).1 a1. Articulos 4aArticulos de prensa 4aLiteratura españolaxSiglo xix1 aIglesias Feijoo, Luis.eed. 0aBiblioteca Castro ;